Television circuit diagrams (Record no. 213869)
[ view plain ]
| 000 -LEADER | |
|---|---|
| fixed length control field | 00553 a2200181 4500 |
| 003 - CONTROL NUMBER IDENTIFIER | |
| control field | Nust |
| 005 - DATE AND TIME OF LATEST TRANSACTION | |
| control field | 20170207170053.0 |
| 040 ## - CATALOGING SOURCE | |
| Transcribing agency | Nust |
| 082 ## - DEWEY DECIMAL CLASSIFICATION NUMBER | |
| Classification number | 621.388 |
| 100 ## - MAIN ENTRY--PERSONAL NAME | |
| Personal name | Vaiyani agencies |
| 245 ## - TITLE STATEMENT | |
| Title | Television circuit diagrams |
| Statement of responsibility, etc. | Vaiyani agencies |
| 250 ## - EDITION STATEMENT | |
| Edition statement | vol 2 |
| 260 ## - PUBLICATION, DISTRIBUTION, ETC. | |
| Place of publication, distribution, etc. | Karachi |
| Name of publisher, distributor, etc. | Vaiyani agencies |
| 300 ## - PHYSICAL DESCRIPTION | |
| Extent | 52p |
| 505 ## - FORMATTED CONTENTS NOTE | |
| Formatted contents note | 1.Colour television(page 19)2.Black and white Model TR 602EE(page 16)3.VCR.KRYW..........Model VS9500/HR3300.........(page 31-44) |
| 538 ## - SYSTEM DETAILS NOTE | |
| System details note | Almirah No.40 Shelf No.5 |
| 650 ## - SUBJECT ADDED ENTRY--TOPICAL TERM | |
| Topical term or geographic name entry element | Television circuit diagrams |
| 942 ## - ADDED ENTRY ELEMENTS (KOHA) | |
| Source of classification or shelving scheme | |
| Koha item type | Book |
| Withdrawn status | Lost status | Source of classification or shelving scheme | Damaged status | Not for loan | Collection code | Permanent Location | Current Location | Date acquired | Total Checkouts | Full call number | Barcode | Date last seen | Price effective from | Koha item type |
|---|---|---|---|---|---|---|---|---|---|---|---|---|---|---|
| Military College of Signals (MCS) | Military College of Signals (MCS) | 12/12/2016 | 621.388 TEL | MCS6823 | 12/08/2016 | 12/12/2016 | Book |
